• 首页
  • 本馆介绍
  • 公告通知
  • 最新文献
  • 馆藏检索
  • 电子资源
  • 读者导购
  • 参考咨询
  • 我的图书馆
  • 登录
  • 详细信息显示
  • 放入我的书架
  • 预约/预借图书
  • 作者相关作品
  • 分类相关作品
  • 丛书相关作品
  • 出版社相关作品

书目信息

  • 表格格式
  • 工作单格式
  • 卡片格式
题名:
中国古典舞基础与教学
    
 
作者: 马翱 著
分册:  
出版信息: 北京   新华出版社  2020.9
页数: 202页
开本: 24cm
丛书名:
单 册:
中图分类: J722.4
科图分类:
主题词: 古典舞蹈--教学研究--中国
电子资源:
ISBN: 978-7-5166-5366-1
000 01110nam0 2200253 45
001 490069
005 20140817165712.0
010    @a978-7-5166-5366-1@dCNY35.00
100    @a20201229d2020 em y0chiy0110 ea
101 0  @achi
102    @aCN@b110000
105    @ay az 000yy
106    @ar
200 1  @a中国古典舞基础与教学@Azhong guo gu dian wu ji chu yu jiao xue@f马翱著
210    @a北京@c新华出版社@d2020.9
215    @a202页@d24cm
314    @a马翱,男,汉族,山东泰安人,中共党员,研究生,现任山东艺术学院舞蹈学院副院长,副教授。
320    @a有书目 (第202页)
330    @a本书共包括十一章内容,分别为:第一章,中国古典舞的发展历程;第二章,中国古典舞的地面训练;第三章,中国古典舞的扶把训练;第四章,中国古典舞的踢腿训练;第五章,中国古典舞的控制训练;第六章,中国古典舞的跳跃训练;第七章,中国古典舞的旋转训练;第八章,中国古典舞的翻身训练;第九章,综合类大学古典舞教学概况;第十章,综合类大学古典舞教学研究;第十一章,综合类大学中国古典舞教学发展走向设想。
606 0  @a古典舞蹈@x教学研究@y中国
690    @aJ722.4@v5
701  0 @a马翱@Ama ao@4著
801    @aCN@b江苏凤凰@c20211018
905    @b1355505-8@dJ722.4@e326@f4
    
    中国古典舞基础与教学/马翱著.-北京:新华出版社,2020.9
    202页;24cm
    
    
    ISBN 978-7-5166-5366-1:CNY35.00
    本书共包括十一章内容,分别为:第一章,中国古典舞的发展历程;第二章,中国古典舞的地面训练;第三章,中国古典舞的扶把训练;第四章,中国古典舞的踢腿训练;第五章,中国古典舞的控制训练;第六章,中国古典舞的跳跃训练;第七章,中国古典舞的旋转训练;第八章,中国古典舞的翻身训练;第九章,综合类大学古典舞教学概况;第十章,综合类大学古典舞教学研究;第十一章,综合类大学中国古典舞教学发展走向设想。
●
相关链接 在E读中查询图书 在五车中查询图书 在当当中查询图书 在豆瓣中查询图书


正题名:中国古典舞基础与教学     索取号:J722.4/326         预约/预借

序号 登录号 条形码 馆藏地/架位号 状态 备注
1 1355505   213555053   第一样本阅览室/ [索取号:J722.4/326] 在馆    
2 1355506   213555062   第一借阅区/ [索取号:J722.4/326] 在馆    
3 1355507   213555071   第一借阅区/ [索取号:J722.4/326] 在馆    
4 1355508   213555080   第一借阅区/ [索取号:J722.4/326] 在馆    
唐山师范学院图书馆 欢迎您!
大连网信软件有限公司© 版权所有